Normal view
MARC view
Entry Personal Name
001 - CONTROL NUMBER
- control field: 44256
003 - CONTROL NUMBER IDENTIFIER
- control field: dpl
005 - DATE AND TIME OF LATEST TRANSACTION
- control field: 20120324122545.0
008 - FIXED-LENGTH DATA ELEMENTS
- fixed length control field: 120324|||a|||||| | ||| d
040 ## - CATALOGING SOURCE
- Original cataloging agency: dpl
- Transcribing agency: dpl
100 ## - HEADING--PERSONAL NAME
- Personal name: राव,लक्ष्मण
670 ## - SOURCE DATA FOUND
- Source citation: Work cat.: (dpl): राव,लक्ष्मण, परम्परा से जुड़ी भारतीय राजनीति /, 2006
670 ## - SOURCE DATA FOUND
- Source citation: Work cat.: (dpl): राव,लक्ष्मण, परम्परा से जुड़ी भारतीय राजनीति /, 2006
